Представление документа в формате RUSMARC

ПолеНазваниеЗначение
  Тип записи a
  Библиографический уровень m
001 Контрольный номер 5f8783bfd22747a3a3eb5b0cdfa43456
005 Дата корректировки 20250611114735.4
101 Язык документа 0_
a Язык текста rus
102 Страна публикации __
a Страна публикации RU
200 Заглавие и сведения об ответственности 1_
a Заглавие Молодежь и кооперация
e Сведения, относящиеся к заглавию сб.статей и тезисов докладов по итогам Всеросс.науч.-образ. фестиваля студ.науч.обществ (СНО) обр.организаций РФ (18-20 сентября 2024 г.)
f Первые сведения об ответственности Коллектив авторов
g Последующие сведения об ответственности ред.колл.: Е. И. Антонова, О. Н. Городнова, О. В. Каурова [и др.]
g Последующие сведения об ответственности Минобрнауки, СНО АНОО ВО ЦС РФ "РУК", Чебоксарский кооперативный институт (филиал)
203 Вид содержания и тип средства __
a Вид содержания Текст
c Тип средства непосредственный
210 Выходные данные 1_
a Место издания Чебоксары
c Издательство ЧКИ РУК
d Дата издания 2024
215 Физическое описание __
a Объем 880 с.
300 Общие примечания __
a Общие примечания Сылка на сборник https://drive.google.com/file/d/16jvv6ytXCkixc14d2AVwqpUjGXVFHGC0/view?usp=drive_link
610 Ключевые слова 0_
a Ключевые слова студенческая наука
a Ключевые слова конференции
a Ключевые слова доклады
a Ключевые слова фестиваль
a Ключевые слова студенческое научное общество
686 Индексы других классификаций __
a Классификационный индекс 65.9(2)08
702 Вторичная интеллектуальная ответственность _1
a Фамилия Антонова
b Имя Е. И.
4 Код отношения 340
e Роль лиц Редактор
702 Вторичная интеллектуальная ответственность _1
a Фамилия Городнова
b Имя О. Н.
e Роль лиц Редактор
4 Код отношения 340
702 Вторичная интеллектуальная ответственность _1
a Фамилия Евсеева
b Имя Л. А.
e Роль лиц Редактор
4 Код отношения 340
702 Вторичная интеллектуальная ответственность _1
a Фамилия Каурова
b Имя О. В.
e Роль лиц Редактор
4 Код отношения 340
702 Вторичная интеллектуальная ответственность _1
a Фамилия Кириллов
b Имя М. А.
e Роль лиц Редактор
4 Код отношения 340
712 Наименование организации (Вторичная ответственность) 02
a Организация/ юрисдикция Российский университет кооперации
b Другие уровни Чебоксарский кооперативный институт (филиал)
801 Источник записи _0
a Страна RU
b Организация РУК
g Правила каталогизации rusmarc
852 Данные о местонахождении __
j Шифр хранения 65.9(2)08
i Авторский знак М75
901 Тип документа __
t Тип документа m
937 Технологическая информация __
a Создатель записи (имя) Мясникова
938 Служебная информация __
a Название организации Головной вуз
952 Тип литературы __
c Вид литературы сб. науч. тр.